Plant and Soil Analysis: Laboratory Manual (Record no. 45063)
[ view plain ]
| 000 -LEADER | |
|---|---|
| fixed length control field | 00323nam a2200109Ia 4500 |
| 100 ## - MAIN ENTRY--AUTHOR NAME | |
| Personal name | M. Karthikakuttyamma |
| 245 #0 - TITLE STATEMENT | |
| Title | Plant and Soil Analysis: Laboratory Manual |
| 260 ## - PUBLICATION, DISTRIBUTION, ETC. (IMPRINT) | |
| Name of publisher | Rubber Research Institute of India |
| Place of publication | Kottayam |
| Year of publication | 15 |
| 650 ## - SUBJECT ADDED ENTRY--TOPICAL TERM | |
| Topical Term | Crop management |
| 942 ## - ADDED ENTRY ELEMENTS (KOHA) | |
| Koha item type | Publications |
| Withdrawn status | Lost status | Damaged status | Not for loan | Collection code | Home library | Current library | Date acquired | Cost, normal purchase price | Accession Number | Koha item type |
|---|---|---|---|---|---|---|---|---|---|---|
| Publications | Book publications | RRII Library | RRII Library | 31/12/2021 | 1977.00 | BK 3 | Publications |